Event entertainment and production / (Record no. 126248)

MARC details
000 -LEADER
campo de control de longitud fija 03035nam a22003137a 4500
003 - IDENTIFICADOR DE NÚMERO DE CONTROL
campo de control BJBSDDR
005 - FECHA Y HORA DE LA ÚLTIMA TRANSACCIÓN
campo de control 20260129114238.0
007 - CAMPO FIJO DE DESCRIPCIÓN FÍSICA--INFORMACIÓN GENERAL
campo de control de longitud fija ta
008 - DATOS DE LONGITUD FIJA--INFORMACIÓN GENERAL
campo de control de longitud fija 260114s2004 nju||||| |||| 00| 0 eng d
020 ## - NÚMERO INTERNACIONAL ESTÁNDAR DEL LIBRO
Número Internacional Estándar del Libro 9780471263067 (alk. paper)
020 ## - NÚMERO INTERNACIONAL ESTÁNDAR DEL LIBRO
Número Internacional Estándar del Libro 0471263060 (alk. paper)
040 ## - FUENTE DE CATALOGACIÓN
Lengua de catalogación eng
Centro/agencia transcriptor DLC
041 ## - CÓDIGO DE IDIOMA
Código de lengua del texto/banda sonora o título independiente eng
050 14 - SIGNATURA TOPOGRÁFICA DE LA BIBLIOTECA DEL CONGRESO
Número de clasificación GV 1471
Número de ítem S698e 2004
100 1# - ENTRADA PRINCIPAL--NOMBRE DE PERSONA
Nombre de persona Sonder, Mark
9 (RLIN) 46695
245 10 - MENCIÓN DEL TÍTULO
Título Event entertainment and production /
Mención de responsabilidad, etc. Mark Sonder.
260 ## - PUBLICACIÓN, DISTRIBUCIÓN, ETC.
Lugar de publicación, distribución, etc. Hoboken, N.J. :
Nombre del editor, distribuidor, etc. J. Wiley & Sons,
Fecha de publicación, distribución, etc. 2004
300 ## - DESCRIPCIÓN FÍSICA
Extensión xvii, 433 pages :
Otras características físicas illustrations ;
Dimensiones 24 cm
490 4# - MENCIÓN DE SERIE
Mención de serie The Wiley event management series
504 ## - NOTA DE BIBLIOGRAFÍA, ETC.
Nota de bibliografía, etc. Includes bibliographical references and index.
505 0# - NOTA DE CONTENIDO CON FORMATO
Nota de contenido con formato Foreword ix Preface xi Acknowledgments xv PART ONE The Entertainment and Event Production Industry 1 Chapter 1 The Entertainment Economy: Big Business 3 Chapter 2 Global Opportunities for Event Entertainment and Production 17 Chapter 3 Becoming a Leader in the Event Entertainment and Production Fields 37 Chapter 4 Opportunities for Future Growth and Development 55 PART TWO Researching, Designing, and Planning Production and Event Entertainment 79 Chapter 5 How to Research the Needs and Resources for Your Event 81 Chapter 6 Managing the Creative Process 101 Chapter 7 Strategic Planning for Event Production and Entertainment 117 Chapter 8 Financial Planning and Management: How to Measure the Return on Event Entertainment 135 PART THREE Coordinating Event Entertainment and Production 155 Chapter 9 Selecting and Contracting Event Production and Entertainment Vendors 157 Chapter 10 Entertainment Management Companies, Agents, Managers, and Headline Entertainment 175 Chapter 11 Monitoring Entertainment and Production to Ensure Continuous Quality 197 Chapter 12 Reducing Risk: Assessment, Intervention, and Control 217 Chapter 13 Music Licensing 235 PART FOUR Best Practices and Creative Strategies in Event Entertainment and Production 259 Chapter 14 Best Practices in Event Entertainment and Production 261 Chapter 15 The Standard Aspects of Multimedia Production 285 Chapter 16 The Future of Event Production and Entertainment 309 Finale 329 Appendix 1 Organizations and Associations 331 Appendix 2 References 343 Appendix 3 Internet Sites 351 Appendix 4 Software 355 Appendix 5 Sample Contracts 357 Appendix 6 Performing Rights Organization’s Licenses 375 Appendix 7 Technical Production Documents 403 Glossary 409 Index 419<br/>Encuentre un ejemplar en una biblioteca
520 ## - RESUMEN, ETC.
Sumario, etc. From assessing the client's need for entertainment at an event to hiring the talent to the nuts-and-bolts production of the entertainment, this complete guide provides the event planner with the tools they need to efficiently produce & manage the entertainment aspect of an event
650 #4 - PUNTO DE ACCESO ADICIONAL DE MATERIA--TÉRMINO DE MATERIA
Término de materia o nombre geográfico como elemento de entrada Entretenimiento
Subdivisión general Planificación
9 (RLIN) 46839
650 #4 - PUNTO DE ACCESO ADICIONAL DE MATERIA--TÉRMINO DE MATERIA
Término de materia o nombre geográfico como elemento de entrada Entretenimiento empresarial
9 (RLIN) 46840
650 #4 - PUNTO DE ACCESO ADICIONAL DE MATERIA--TÉRMINO DE MATERIA
Término de materia o nombre geográfico como elemento de entrada Eventos especiales
Subdivisión general Planificación
9 (RLIN) 46243
830 #0 - PUNTO DE ACCESO ADICIONAL DE SERIE-TÍTULO UNIFORME
Título uniforme Wiley event management series
9 (RLIN) 19223
942 ## - ELEMENTOS DE ENTRADA SECUNDARIOS (KOHA)
Fuente del sistema de clasificación o colocación Clasificación de Library of Congress
Tipo de ítem Koha Libro
946 ## - PROCESAMIENTO DE INFORMACIÓN LOCAL (OCLC)
Iniciales del agente catalogador cmc
Holdings
Estatus retirado Estado de pérdida Fuente del sistema de clasificación o colocación Estado de daño No para préstamo Colección Biblioteca de origen Biblioteca actual Ubicación en estantería Fecha de adquisición Signatura topográfica completa Código de barras Visto por última vez Copia número Tipo de ítem Koha
    Clasificación de Library of Congress     Ciencias Sociales Biblioteca Juan Bosch Biblioteca Juan Bosch Ciencias Sociales (3er. Piso) 14/01/2026 GV 1471 S698e 2004 00000172851 14/01/2026 1 Libro